English Mania-2 : (Record no. 12881)
[ view plain ]
| 000 -LEADER | |
|---|---|
| fixed length control field | 00592nam a2200229 a 4500 |
| 001 - CONTROL NUMBER | |
| JCCL Control Number | 12881 |
| 003 - CONTROL NUMBER IDENTIFIER | |
| JCCL marc code | BD-JhCC |
| 005 - DATE AND TIME OF LATEST TRANSACTION | |
| control field | 20230531120842.0 |
| 008 - FIXED-LENGTH DATA ELEMENTS--GENERAL INFORMATION | |
| fixed length control field | 230531s2019 b |||| |||| 000 0 e d |
| 020 ## - INTERNATIONAL STANDARD BOOK NUMBER | |
| International Standard Book Number | 9789843464781 |
| 035 ## - SYSTEM CONTROL NUMBER | |
| system control number | (BD-JhCC)12881 |
| 040 ## - CATALOGING SOURCE | |
| Original cataloging agency | BD-JhCC |
| Modifying agency | BD-JhCC |
| 041 ## - LANGUAGE CODE | |
| Language code of Book | eng |
| 082 ## - DEWEY DECIMAL CLASSIFICATION NUMBER | |
| Classification number | 428.1 |
| Author mark and Year | SOL 2019 |
| 100 ## - MAIN ENTRY--PERSONAL NAME | |
| Personal name | Solomon, David |
| 245 ## - TITLE STATEMENT | |
| Title | English Mania-2 : |
| Remainder of title | the touchstone / |
| Statement of responsibility, etc | David Solomon |
| 260 ## - PUBLICATION, DISTRIBUTION, ETC. (IMPRINT) | |
| Place of publication, distribution, etc | Dhaka : |
| Name of publisher, distributor, etc | JAB Publication, |
| Date of publication, distribution, etc | 2019 |
| 300 ## - PHYSICAL DESCRIPTION | |
| Pagination | 224 p. : |
| Dimensions | 22 cm. |
| 650 ## - SUBJECT ADDED ENTRY--TOPICAL TERM | |
| Topical term or geographic name as entry element | English |
| Form subdivision | Grammar |
| 650 ## - SUBJECT ADDED ENTRY--TOPICAL TERM | |
| Topical term or geographic name as entry element | English teaching |
| 942 ## - ADDED ENTRY ELEMENTS (KOHA) | |
| Source of classification or shelving scheme | Dewey Decimal Classification |
| Koha item type | Books |
| Source of classification or shelving scheme | Damaged status | Not for loan | Home library | Current library | Shelving location | Date of accession | Cost, normal purchase price | Total Checkouts | Full call number | Barcode | Date last seen | Date checked out | Copy number | Method of acquisition | Koha item type | Currency | Checked out |
|---|---|---|---|---|---|---|---|---|---|---|---|---|---|---|---|---|---|
| Dewey Decimal Classification | JCC Rouf Library | JCC Rouf Library | General Stacks | 05/31/2023 | 425.00 | 1 | 428.1 SOL 2019 | 18097 | 04/22/2024 | 01/31/2024 | C-1 | Purchase | Books | BDT | |||
| Dewey Decimal Classification | JCC Rouf Library | JCC Rouf Library | General Stacks | 05/31/2023 | 425.00 | 2 | 428.1 SOL 2019 | 18098 | 01/28/2026 | 01/28/2026 | C-2 | Purchase | Books | BDT | 02/23/2026 | ||
| Dewey Decimal Classification | JCC Rouf Library | JCC Rouf Library | General Stacks | 05/31/2023 | 425.00 | 1 | 428.1 SOL 2019 | 18099 | 01/18/2026 | 01/18/2026 | C-3 | Purchase | Books | BDT | 02/11/2026 | ||
| Dewey Decimal Classification | JCC Rouf Library | JCC Rouf Library | General Stacks | 05/31/2023 | 425.00 | 1 | 428.1 SOL 2019 | 18100 | 08/02/2023 | 07/26/2023 | C-4 | Purchase | Books | BDT | |||
| Dewey Decimal Classification | JCC Rouf Library | JCC Rouf Library | General Stacks | 05/31/2023 | 425.00 | 2 | 428.1 SOL 2019 | 18319 | 10/28/2024 | 10/01/2024 | C-5 | Purchase | Books | BDT | |||
| Dewey Decimal Classification | JCC Rouf Library | JCC Rouf Library | General Stacks | 05/31/2023 | 425.00 | 2 | 428.1 SOL 2019 | 18096 | 09/17/2023 | 09/04/2023 | C-6 | Purchase | Books | BDT | |||
| Dewey Decimal Classification | JCC Rouf Library | JCC Rouf Library | General Stacks | 05/31/2023 | 425.00 | 4 | 428.1 SOL 2019 | 18320 | 01/27/2026 | 01/27/2026 | C-7 | Purchase | Books | BDT | 02/22/2026 | ||
| Dewey Decimal Classification | JCC Rouf Library | JCC Rouf Library | General Stacks | 05/31/2023 | 425.00 | 8 | 428.1 SOL 2019 | 18095 | 04/13/2025 | 04/13/2025 | C-8 | Purchase | Books | BDT | 05/08/2025 | ||
| Dewey Decimal Classification | JCC Rouf Library | JCC Rouf Library | General Stacks | 06/06/2023 | 425.00 | 6 | 428.1 SOL 2019 | 18094 | 01/28/2026 | 01/28/2026 | C-9 | Purchase | Books | BDT | 02/23/2026 |